000 01547nam a2200397 c 4500
001 58115
003 CO-BoRNBP
005 20250815222148.0
007 ta
008 210721r20172019ck er 000 0dspa d
020 _a9789588926414
040 _aCO-BoRNBP
_bspa
_erda
_cCO-BoRNBP
041 0 _aspa
082 0 4 _a001.42
_bR35i
_222
082 0 4 _a303.4
_bR35i
_222
100 _aRincón Bonilla, Luis Hernando
_eaut
_962467
245 1 3 _aLa investigación acción participativa :
_bun camino para construir el cambio y la transformación social /
_cLuis Hernando Rincón Bonilla.
250 _aPrimera edición
_bPrimera reimpresión
264 1 _aBogotá, Colombia :
_bEdiciones Desde Abajo,
_c2019
300 _a133 páginas
336 _atexto
_btxt
_2rdacontent
337 _asin mediación
_bn
_2rdamedia
338 _avolumen
_bnc
_2rdacarrier
490 0 _aColección primeros pasos
_v21
500 _aEl material correspondiente a la dotación PNLB 2022, corresponde a la primera reimpresión de 2019
504 _aIncluye referencias bibliográficas
521 _aRecomendado para un público adulto
545 _aImncluye datos biográficos del autor en la contracarátula
650 0 7 _aDesarrollo de la comunidad
_2lemb
_93358
650 0 7 _aInvestigación acción
_2lemb
_918941
650 0 7 _aInvestigación participativa
_2lemb
650 0 7 _aInvestigaciones sociales
_2lemb
_962468
650 0 7 _aTrabajo de campo (métodos educativos)
_2lemb
_962469
650 0 7 _aTrabajo en grupos (educacion)
_2lemb
_962470
942 _2ddc
_cBK
999 _c58115
_d58115